[Event "?"]
[Site "Keres Memorial Paernu Women"]
[Date "1996.??.??"]
[Round "1"]
[White "Litinskaja, M."]
[Black "Kovalevskaja, J."]
[Result "1-0"]
[WhiteElo "2355"]
[BlackElo "2335"]

1. d4 Nf6 2. c4 d6 3. Nc3 Nbd7 4. Nf3 g6 5. e4 e5 6. Be2 Bg7 7. O-O O-O 
8. Qc2 c6 9. Rd1 Qe7 10. Bf1 a5 11. dxe5 dxe5 12. Na4 h6 13. c5 Re8 
14. h3 Nh7 15. Be3 Nhf8 16. Rac1 Ne6 17. b3 Bf8 18. g3 Kh7 19. Bg2 Qf6 
20. Qb1 Be7 21. Rc2 Qg7 22. Qc1 Qf8 23. Rc4 Nc7 24. Rc3 Ne6 25. Rc2 f6 
26. h4 Qg7 27. Bh3 Ndf8 28. Nb6 Rb8 29. Nxc8 Rbxc8 30. h5 gxh5 31. Bf5+ 
Kh8 32. Bxh6 Qf7 33. Nh4 Red8 34. Be3 Rxd1+ 35. Qxd1 Rd8 36. Rd2 Rxd2 
37. Qxd2 Nxc5 38. Qxa5 Nce6 39. Qa8 Nd8 40. Bb6 Qe8 41. Qc8 Kg8 42. a4 
c5 43. Bxd8 Qxd8 44. Qxb7 Kf7 45. Kg2 Qd2 46. Qd5+ Qxd5 47. exd5 Bd8 
48. Kf3 Ba5 49. Ke2 Ke7 50. f3 Kd6 51. Be4 Kd7 52. Ng2 Kd8 53. Ne3 Nd7 
54. Nc4 Bc7 55. Kf2 Ke8 56. Bf5 Kd8 57. Bg6 Bb8 58. Bxh5 Ke7 59. Bg4 
Nf8 60. Bf5 Bc7 61. Ke3 {2.23-3.00} 1-0

[Event "?"]
[Site "Keres Memorial Paernu Women"]
[Date "1996.??.??"]
[Round "1"]
[White "Parnpuu, L."]
[Black "Eidelson"]
[Result "1/2-1/2"]
[WhiteElo "2245"]
[BlackElo "2370"]

1. Nf3 Nf6 2. c4 g6 3. Nc3 Bg7 4. e4 d6 5. d4 O-O 6. Be2 Na6 7. O-O e5 
8. Be3 Ng4 9. Bg5 Qe8 10. dxe5 dxe5 11. h3 h6 12. Bd2 Nf6 13. Be3 Nh5 
14. Qc1 Kh7 15. Nh2 Nf4 16. Re1 Nxe2+ 17. Nxe2 Nb4 18. Qc3 Nc6 19. Rad1 
f5 20. exf5 gxf5 21. Qc2 e4 22. Nf4 Ne5 23. b3 a5 24. Qe2 a4 25. f3 
axb3 26. axb3 Kg8 27. Bc5 Rf7 28. fxe4 fxe4 29. Qxe4 Bf5 30. Qe2 Qc6 
31. Bf2 Raf8 32. Be3 Ng6 33. Nd5 Qd6 34. c5 Qe5 35. Ng4 Qg3 36. Rf1 
Bxg4 37. Qxg4 Qxg4 38. hxg4 c6 39. Rxf7 Rxf7 40. Nb6 Ne5 41. Rd8+ Kh7 
42. g5 hxg5 43. Bxg5 Ng4 44. Bd2 Rf5 45. Nc4 Rxc5 46. Rd7 Rd5 47. Rxb7 {
2.35-2.35} 1/2-1/2

[Event "?"]
[Site "Keres Memorial Paernu Women"]
[Date "1996.??.??"]
[Round "1"]
[White "Stjazkina, O."]
[Black "Fomina, T."]
[Result "1-0"]
[WhiteElo "2200"]
[BlackElo "2305"]

1. e4 c5 2. c4 Nc6 3. Nc3 e6 4. g3 Nf6 5. Bg2 d5 6. exd5 exd5 7. Nxd5 
Nxd5 8. cxd5 Nb4 9. d3 Nxd5 10. d4 Be6 11. Ne2 Qd7 12. O-O c4 13. Nf4 
Nxf4 14. Bxf4 Be7 15. Qf3 Rd8 16. Qxb7 Qxb7 17. Bxb7 Bf6 18. Be5 Ke7 
19. Rfc1 Bxe5 20. dxe5 Rd2 21. b3 Rb2 22. Be4 Rd8 23. Rc2 Rxc2 24. Bxc2 
Rd2 25. Rc1 Bd5 26. bxc4 Bxc4 27. Bb3 Bxb3 28. axb3 Ke6 29. Rc6+ Kxe5 
30. Rc7 Ke6 31. Rxa7 Rb2 32. Rb7 h5 33. h4 g6 34. Kg2 f6 35. b4 g5 36. 
hxg5 fxg5 37. b5 Kf5 38. b6 Kg4 39. Rb8 h4 40. gxh4 Kxh4 41. Rh8+ Kg4 
42. Rb8 Kh4 43. b7 Kg4 44. Kg1 Rb6 45. Kh2 Rh6+ 46. Kg2 Rh7 47. f3+ Kh4 
48. Kh2 g4 49. f4 g3+ 50. Kg2 Kh5 51. f5 {2.17-2.16} 1-0

[Event "?"]
[Site "Keres Memorial Paernu Women"]
[Date "1996.??.??"]
[Round "1"]
[White "Laesson, T."]
[Black "Paasikangas, J."]
[Result "1-0"]
[WhiteElo "2245"]
[BlackElo "2200"]

1. e4 d5 2. exd5 Qxd5 3. Nc3 Qa5 4. Nf3 Bg4 5. h3 Bh5 6. Be2 e6 7. O-O 
Nf6 8. d3 c6 9. Bf4 Nbd7 10. a3 Nd5 11. Nxd5 cxd5 12. b4 Qd8 13. c4 Be7 
14. Rc1 O-O 15. cxd5 Bxf3 16. Bxf3 e5 17. Be3 Bd6 18. Bc5 Nf6 19. Re1 
Re8 20. Qb3 b6 21. Bxd6 Qxd6 22. Rc6 Qd7 23. Qc4 Rad8 24. Rc7 Qd6 25. 
Rxa7 Rc8 26. Qb5 h6 27. Rb7 e4 28. dxe4 Nxe4 29. g3 Nf6 30. Rxe8+ Rxe8 
31. Qxb6 Qe5 32. Qc7 1-0

[Event "?"]
[Site "Keres Memorial Paernu Women"]
[Date "1996.??.??"]
[Round "1"]
[White "Tsoganova, M."]
[Black "Dubinka, I."]
[Result "1/2-1/2"]
[WhiteElo "2280"]
[BlackElo "2235"]

1. d4 e6 2. Nf3 f5 3. g3 Nf6 4. Bg2 d5 5. c4 c6 6. O-O Bd6 7. b3 Qe7 
8. Ne5 O-O 9. Bb2 b6 10. Nd2 Bb7 11. cxd5 cxd5 12. Ndf3 Nc6 13. Qc1 
Rac8 14. Qg5 Nb4 15. Rfc1 Nc2 16. Rab1 Ne4 17. Qxe7 Bxe7 18. Nd3 Nc3 
19. Bxc3 Rxc3 20. Nf4 Rfc8 21. Rd1 Na3 22. Ra1 Nc2 23. Rab1 Na3 24. Ra1 
Nc2 {1.32-1.50} 1/2-1/2

[Event "?"]
[Site "Keres Memorial Paernu Women"]
[Date "1996.??.??"]
[Round "2"]
[White "Kovalevskaja, J."]
[Black "Dubinka, I."]
[Result "1/2-1/2"]
[WhiteElo "2335"]
[BlackElo "2235"]

1. e4 e6 2. d4 d5 3. Nc3 Nf6 4. Bg5 dxe4 5. Nxe4 Be7 6. Bxf6 gxf6 7. 
Nf3 b6 8. Bb5+ c6 9. Bc4 Bb7 10. Qe2 Qc7 11. O-O-O Nd7 12. Rhe1 O-O-O 
13. Ba6 Rhg8 14. g3 f5 15. Ned2 h5 16. Bxb7+ Kxb7 17. Nc4 Nf6 18. Nfe5 
Bb4 19. Rf1 Ng4 20. Kb1 Nxh2 21. Rh1 Ng4 22. Rxh5 b5 23. Nxg4 Rxg4 24. 
Ne3 Rgg8 25. Qf3 a6 26. g4 fxg4 27. Nxg4 Rh8 28. Rxh8 Rxh8 29. Ne5 Rf8 
30. Rh1 Bd6 31. Nd3 Rg8 32. a3 Rg7 33. Ka2 Rg5 34. Rh8 Rf5 35. Qg2 Ka7 
36. Qg8 Qb8 37. Qd8 Qxd8 38. Rxd8 Bc7 39. Rd7 Kb8 40. Re7 Bd6 41. Re8+ {
2.16-2.05} 1/2-1/2

[Event "?"]
[Site "Keres Memorial Paernu Women"]
[Date "1996.??.??"]
[Round "2"]
[White "Paasikangas, J."]
[Black "Tsoganova, M."]
[Result "1-0"]
[WhiteElo "2200"]
[BlackElo "2280"]

1. d4 Nf6 2. Bg5 e6 3. e4 h6 4. Bxf6 Qxf6 5. Nf3 d6 6. Bd3 g5 7. h3 Nc6 
8. c3 Bd7 9. Nbd2 Bg7 10. Qc2 O-O-O 11. b4 Rde8 12. a4 h5 13. a5 g4 
14. Ng1 Kb8 15. b5 Nd8 16. Qb3 Bh6 17. Nc4 Bc8 18. b6 g3 19. f3 d5 20. 
bxc7+ Kxc7 21. e5 Qe7 22. Nd6 Ref8 23. Ne2 f6 24. O-O fxe5 25. dxe5 
Be3+ 26. Kh1 Nf7 27. Nxf7 Rxf7 28. Nd4 Qh4 29. Qb4 Qe7 30. Nb5+ Kb8 
31. Nd6 Rf4 32. Qa3 Qc7 33. Rab1 Bc5 34. Qc1 Rhf8 35. Nxb7 Bxb7 36. Ba6 
Qxa5 37. Bxb7 Bb6 38. Bc6 Qc5 39. Bb5 Qe7 40. Qd2 Qg7 41. Qe2 Rg8 42. 
c4 Rh4 43. Rb2 dxc4 44. Bxc4 Qf7 45. Qe3 Rxc4 46. Rxb6+ axb6 47. Qxb6+ 
Qb7 48. Qxe6 Rgc8 49. Qd6+ R8c7 50. e6 R4c6 51. Qe5 Rc5 52. Qxg3 Qa6 
53. Rb1+ Ka7 54. Qe1 Qd6 55. Qe3 Qe5 56. Qa3+ Ra5 57. Qb3 Re7 $4 58. 
Qb6+ Ka8 59. Qd8+ Ka7 60. Qxe7+ {1.46-2.59} 1-0

[Event "?"]
[Site "Keres Memorial Paernu Women"]
[Date "1996.??.??"]
[Round "2"]
[White "Fomina, T."]
[Black "Laesson, T."]
[Result "1/2-1/2"]
[WhiteElo "2305"]
[BlackElo "2245"]

1. Nf3 d6 2. e4 c5 3. c3 Nf6 4. Bc4 Nc6 5. Qe2 e6 6. O-O Be7 7. d4 cxd4 
8. cxd4 d5 9. exd5 Nxd5 10. Nc3 Nb6 11. Bb5 O-O 12. Rd1 Nb4 13. a3 N4d5 
14. Ne4 Nf6 15. Neg5 h6 16. Nh3 Bd7 17. Bd3 Ba4 18. Re1 Bc6 19. Be3 
Bxf3 20. Qxf3 Qd5 21. Qe2 Bd6 22. Rad1 Qh5 23. f3 Nbd5 24. Bf2 Nf4 25. 
Nxf4 Bxf4 26. g3 Bd6 27. h4 Rac8 28. Rc1 Qa5 29. Kg2 Rxc1 30. Rxc1 e5 
31. dxe5 Qxe5 32. Qxe5 Bxe5 33. Rc2 b6 34. f4 Bd6 35. Kf3 Rd8 36. Bc4 
Kf8 37. g4 h5 38. gxh5 Nxh5 39. Be3 g6 40. b4 Rc8 41. f5 gxf5 42. Bd3 
Rxc2 43. Bxc2 Ng7 44. Bh6 Kg8 45. Bf4 Be7 46. Bg3 Kh7 {2.46-2.40}
1/2-1/2

[Event "?"]
[Site "Keres Memorial Paernu Women"]
[Date "1996.??.??"]
[Round "2"]
[White "Eidelson, R."]
[Black "Stjazkina, O."]
[Result "1/2-1/2"]
[WhiteElo "2370"]
[BlackElo "2200"]

1. d4 d5 2. c4 e6 3. Nc3 Nf6 4. cxd5 exd5 5. Bg5 c6 6. e3 Be7 7. Nf3 
Bf5 8. Bd3 Bxd3 9. Qxd3 O-O 10. O-O Ne4 11. Bxe7 Qxe7 12. Nd2 Nxd2 13. 
Qxd2 Nd7 {0.15-0.05} 1/2-1/2

[Event "?"]
[Site "Keres Memorial Paernu Women"]
[Date "1996.??.??"]
[Round "2"]
[White "Litinskaja, M."]
[Black "Parnpuu, L."]
[Result "1-0"]
[WhiteElo "2355"]
[BlackElo "2245"]

1. d4 e6 2. c4 Nf6 3. Nf3 b6 4. g3 Ba6 5. b3 d5 6. Bg2 Bd6 7. Nbd2 O-O 
8. O-O Bb7 9. Bb2 c5 10. cxd5 exd5 11. Ne5 cxd4 12. Bxd4 Qe7 13. Ndf3 
Na6 14. Nd3 Rfe8 15. Re1 Nc7 16. Bb2 Ne6 17. Rc1 Rac8 18. Rxc8 Rxc8 
19. Qa1 Ne4 20. Nd4 Nxd4 21. Bxd4 f6 22. Rc1 Rxc1+ 23. Qxc1 Qc7 24. 
Qxc7 Bxc7 25. Nf4 Kf7 26. h4 Be5 27. Bxe5 fxe5 28. Nd3 Ke6 29. Kf1 Nc5 
30. Nb4 Kd6 31. Ke1 a5 32. Nc2 Bc8 33. Kd2 h6 34. b4 axb4 35. Nxb4 Be6 
36. e3 g5 37. f4 exf4 38. exf4 gxf4 39. gxf4 Bf7 40. Ke3 Nd7 41. Kd4 
Nf6 42. Bf3 Be6 43. a3 Bg8 44. Nc2 Ne8 45. Ne3 Ng7 46. f5 Bf7 47. Be2 
h5 48. Bd3 Ne8 49. Ng2 Nf6 50. Nf4 Be8 51. Be2 Bd7 52. Nxh5 Nxh5 53. 
Bxh5 Bxf5 54. Bf3 Kc6 55. Bxd5+ Kb5 56. Bb3 Bg4 57. Kc3 Bh5 58. Kb2 Ka5 
59. Kc1 Kb5 60. Bd1 Bg6 61. h5 Bh7 62. Bc2 Bg8 63. h6 Ka5 64. h7 Bxh7 
65. Bxh7 b5 66. Bc2 {2.57-3.16} 1-0

[Event "?"]
[Site "Keres Memorial Paernu Women"]
[Date "1996.??.??"]
[Round "3"]
[White "Parnpuu, L."]
[Black "Kovalevskaja, J."]
[Result "1/2-1/2"]
[WhiteElo "2245"]
[BlackElo "2335"]

1. d4 Nf6 2. Nf3 g6 3. c4 Bg7 4. Nc3 O-O 5. e4 d6 6. Be2 Bg4 7. Be3 
Nfd7 8. O-O Nc6 9. d5 Bxf3 10. Bxf3 Na5 11. Be2 c5 12. Rc1 a6 13. b3 
Rb8 14. Qd2 Re8 15. Bh6 Bh8 16. h4 Nf6 17. h5 b5 18. hxg6 hxg6 19. cxb5 
axb5 20. Bf3 b4 21. Na4 c4 22. bxc4 Nd7 23. Bd1 b3 24. Bxb3 Rxb3 25. 
axb3 Nxb3 26. Qc2 Nxc1 27. Rxc1 Qa5 28. Bd2 Qa6 29. c5 dxc5 30. Nxc5 
Nxc5 31. Qxc5 Qd3 32. Qe3 Qxe3 33. Bxe3 Ra8 34. g3 Ra1 35. Rxa1 Bxa1 
36. f4 Kf8 37. Kf2 Ke8 38. Ke2 Kd7 39. Kd3 Bb2 40. Bd4 Ba3 41. e5 e6 
42. d6 Bb4 43. Ke2 Ba5 44. Kf3 Kc6 45. g4 Kd7 46. Bf2 Bd8 47. Ke4 Ba5 
48. Bh4 Bb4 49. Kf3 Ba5 50. Kg2 Bd2 51. Bg3 Ba5 52. Kf3 Bb4 53. Ke4 {
2.12-2.32} 1/2-1/2

[Event "?"]
[Site "Keres Memorial Paernu Women"]
[Date "1996.??.??"]
[Round "3"]
[White "Stjazkina, O."]
[Black "Litinskaja, M."]
[Result "1/2-1/2"]
[WhiteElo "2200"]
[BlackElo "2355"]

1. e4 c5 2. Nc3 Nc6 3. g3 g6 4. Bg2 Bg7 5. d3 e6 6. Be3 d6 7. f4 Nge7 
8. Nf3 Nd4 9. O-O O-O 10. e5 Bd7 11. Ne4 Nxf3+ 12. Bxf3 Nf5 13. Bf2 Bc6 
14. c3 dxe5 15. fxe5 Bxe5 16. Nxc5 Qc7 17. d4 Bg7 18. Nd3 b6 19. g4 Ne7 
20. Bg3 Qb7 21. Ne5 Bxf3 22. Qxf3 {0.59-1.29} 1/2-1/2

[Event "?"]
[Site "Keres Memorial Paernu Women"]
[Date "1996.??.??"]
[Round "3"]
[White "Laesson, T."]
[Black "Eidelsson, R."]
[Result "0-1"]
[WhiteElo "2245"]
[BlackElo "2370"]

1. e4 c5 2. Nf3 a6 3. d4 cxd4 4. Nxd4 e5 5. Nf3 Nf6 6. Bc4 Qc7 7. Bb3 
Bb4+ 8. c3 Be7 9. O-O O-O 10. Qe2 d6 11. c4 Bg4 12. h3 Bh5 13. g4 Bg6 
14. Nc3 Nc6 15. g5 Nd7 16. Nd5 Qd8 17. Qe3 Nc5 18. Bc2 Ne6 19. Bd1 f6 
20. Qb3 Nc5 21. Qe3 Nxe4 22. Bc2 f5 23. Bxe4 fxe4 24. Nh4 Nd4 25. Nxe7+ 
Qxe7 26. Nxg6 hxg6 27. Qxe4 Qe6 28. Qd5 Qxd5 29. cxd5 Rac8 30. Be3 Nf3+ 
31. Kg2 Rc2 32. b4 Nh4+ 33. Kh2 Nf5 34. Bb6 Rfc8 35. a4 Ne7 36. Rfd1 
Rb2 37. Rac1 Rxc1 38. Rxc1 Nxd5 39. Ba7 Kf7 {1.59-1.40

} 0-1

[Event "?"]
[Site "Keres Memorial Paernu Women"]
[Date "1996.??.??"]
[Round "3"]
[White "Dubinka, I."]
[Black "Paasikangas, J."]
[Result "0-1"]
[WhiteElo "2235"]
[BlackElo "2200"]

1. d4 Nf6 2. c4 g6 3. Nc3 Bg7 4. e4 O-O 5. f3 d6 6. Be3 c6 7. Bd3 e5 
8. d5 Nbd7 9. Nge2 Ne8 10. Qd2 Nc5 11. Bc2 f5 12. dxc6 Ne6 13. cxb7 
Bxb7 14. exf5 gxf5 15. O-O f4 16. Bf2 Qg5 17. Ne4 Qh6 18. Rfd1 Rf5 19. 
h3 Rh5 20. Qb4 Bc6 21. Kf1 Ng5 22. Nxg5 Rxg5 23. Nc3 Bf8 24. Nd5 Qg7 
25. Ke2 Nf6 26. Nxf6+ Qxf6 27. Qd2 Re8 28. Kf1 Rg7 29. Be4 Bxe4 30. 
fxe4 Kh8 31. Qd3 Be7 32. Rd2 Rf8 33. Qf3 Qh6 34. Kg1 Rfg8 35. Be1 Bh4 
36. Kf1 Bxe1 37. Kxe1 Rg3 38. Qf1 f3 39. gxf3 {1.59-1.30} 0-1

[Event "?"]
[Site "Keres Memorial Paernu Women"]
[Date "1996.??.??"]
[Round "4"]
[White "Fomina, T."]
[Black "Dubinka, I."]
[Result "0-1"]
[WhiteElo "2305"]
[BlackElo "2235"]

1. e4 e6 2. Nf3 d5 3. e5 c5 4. b4 cxb4 5. d4 Bd7 6. Bd3 Qb6 7. O-O Bb5 
8. a3 Bxd3 9. Qxd3 Nc6 10. axb4 Nxb4 11. Qe2 Rc8 12. c3 Nc6 13. Ba3 
Bxa3 14. Nxa3 a6 15. c4 Nge7 16. cxd5 exd5 17. Rab1 Qc7 18. Qd3 Qd7 
19. Nc2 O-O 20. Ne3 f5 21. exf6 Rxf6 22. Ne5 Qc7 23. f4 Na5 24. N3g4 
Rff8 25. f5 Qc3 26. Qxc3 Rxc3 27. f6 gxf6 28. Nxf6+ Kh8 29. Nxh7 Rxf1+ 
30. Rxf1 Kxh7 31. Rf7+ Kh6 32. Rxe7 Kg5 33. Nf3+ Kf6 34. Re5 Nc4 35. 
Rxd5 b5 36. Ng5 Rc1+ 37. Kf2 b4 38. Ne4+ Ke6 39. Rd8 b3 40. Nc5+ Ke7 
41. Rd7+ Ke8 42. Rb7 b2 43. Nxa6 b1=Q 44. Rxb1 Rxb1 45. Nc5 Rd1 46. h4 
Rxd4 47. g3 Kf7 48. Kf3 Rd5 {2.20-2.10} 0-1

[Event "?"]
[Site "Keres Memorial Paernu Women"]
[Date "1996.??.??"]
[Round "4"]
[White "Litinskaja, M."]
[Black "Laesson, T."]
[Result "1/2-1/2"]
[WhiteElo "2355"]
[BlackElo "2245"]

1. d4 f5 2. g3 Nf6 3. Bg2 g6 4. Nf3 Bg7 5. O-O O-O 6. c4 d6 7. Nc3 Qe8 
8. d5 a5 9. Nd4 Na6 10. Rb1 Bd7 11. e4 fxe4 12. Nxe4 Nxe4 13. Bxe4 Bh3 
14. Re1 Nc5 15. Bh1 Qf7 16. Be3 e5 17. dxe6 Nxe6 18. Nxe6 Bxe6 19. Bxb7 
Rab8 20. Bd5 Bxd5 21. cxd5 Rb5 22. b3 Rxd5 23. Qc2 Bd4 24. Bxd4 Rxd4 
25. Re2 Qd5 26. Rbe1 c5 27. Qc1 Qf3 28. Qe3 Qxe3 29. Rxe3 Rd2 30. R1e2 
Rxe2 31. Rxe2 Kf7 32. Re4 Rb8 33. Ra4 Rb5 {1.53-1.55} 1/2-1/2

[Event "?"]
[Site "Keres Memorial Paernu Women"]
[Date "1996.??.??"]
[Round "4"]
[White "Parnpuu, L."]
[Black "Stjazkina, O."]
[Result "1-0"]
[WhiteElo "2245"]
[BlackElo "2200"]

1. d4 d5 2. Nf3 e6 3. c4 c6 4. e3 Nf6 5. Nc3 Nbd7 6. Qc2 Bd6 7. Be2 O-O 
8. O-O Qe7 9. Rd1 dxc4 10. Bxc4 e5 11. e4 exd4 12. Nxd4 Ne5 13. Bf1 Ng6 
14. h3 Re8 15. Nf3 Bc7 16. Re1 h6 17. a3 a5 18. Be3 Nh5 19. g3 b5 20. 
Bg2 Bb7 21. Nd4 Ne5 22. Nf5 Qf8 23. Nxb5 cxb5 24. Qxc7 Bc6 25. Rec1 
Rac8 26. Qxa5 Nc4 27. Rxc4 bxc4 28. Bc5 Re5 29. Bxf8 Rxa5 30. Bb4 Re5 
31. Ne7+ Rxe7 32. Bxe7 Re8 33. Bb4 Bxe4 34. Re1 f5 35. Bf1 Rc8 36. Rc1 
Nf6 37. Rxc4 Rb8 38. Rc7 Rd8 39. Rc1 Kh7 40. Bg2 Rd3 41. Bxe4 fxe4 42. 
Kf1 Nd5 43. Rc4 e3 44. Bc3 exf2 45. Kxf2 Nxc3 46. bxc3 g5 47. a4 Kg6 
48. a5 Rd2+ 49. Ke3 Ra2 50. Rc6+ Kf5 51. g4+ Ke5 52. a6 h5 53. gxh5 Rh2 
54. a7 Rxh3+ 55. Kf2 Rh2+ 56. Kg3 Ra2 57. Rc7 {2.27-2.10} 1-0

[Event "?"]
[Site "Keres Memorial Paernu Women"]
[Date "1996.??.??"]
[Round "5"]
[White "Stjazkina, O."]
[Black "Kovalevskaja, J."]
[Result "0-1"]
[WhiteElo "2200"]
[BlackElo "2335"]

1. d4 Nf6 2. Nf3 g6 3. Nc3 d5 4. Bf4 Bg7 5. Qd2 O-O 6. Ne5 c5 7. dxc5 
Na6 8. O-O-O Nxc5 9. f3 Ne6 10. Bh6 d4 11. Bxg7 Kxg7 12. Ne4 Nd5 13. h4 
Ne3 14. Ng4 Nxg4 (14... Nxd1 15. Qh6+ Kg8 16. Ng5 Nxg5 17. hxg5 Re8 18. 
Qxh7+ Kf8 19. Qh8#) 15. fxg4 Qd5 16. Ng5 Qxa2 17. Nxe6+ Bxe6 18. Qxd4+ 
Kg8 19. Rd3 Qa1+ 20. Kd2 Qa5+ 21. b4 Qa2 22. h5 Rac8 23. Ke1 Qxc2 24. 
Qe5 Qc1+ 25. Kf2 Qc7 26. Qe4 Qb6+ 27. Kg3 Rc4 {1.15-1.58} 0-1

[Event "?"]
[Site "Keres Memorial Paernu Women"]
[Date "1996.??.??"]
[Round "5"]
[White "Laesson, T."]
[Black "Parnpuu, L."]
[Result "1/2-1/2"]
[WhiteElo "2245"]
[BlackElo "2245"]

1. d4 Nf6 2. Nc3 d5 3. Bg5 Nbd7 4. f3 c6 5. Qd2 Qa5 6. e4 dxe4 7. fxe4 
e5 8. Nf3 Bb4 9. Bd3 exd4 10. Nxd4 h6 11. Be3 Ne5 12. Nb3 Qc7 13. a3 
Bd6 14. Be2 Neg4 15. O-O-O Nxe3 16. Qxd6 Qxd6 17. Rxd6 Be6 18. g3 Ke7 
19. Rd3 Neg4 20. Rd2 Rhd8 21. Nc5 Rxd2 22. Kxd2 Rd8+ 23. Bd3 b6 24. 
Nxe6 fxe6 25. Ke2 Ne5 26. h3 g5 27. Ke3 Nh5 {1.58-1.45} 1/2-1/2

[Event "?"]
[Site "Keres Memorial Paernu Women"]
[Date "1996.??.??"]
[Round "5"]
[White "Tsoganova, M."]
[Black "Litinskaja, M."]
[Result "1/2-1/2"]
[WhiteElo "2280"]
[BlackElo "2355"]

1. d4 Nf6 2. c4 e6 3. Nf3 Bb4+ 4. Bd2 Qe7 5. g3 Nc6 6. Bg2 Bxd2+ 7. 
Nbxd2 d6 8. O-O O-O 9. e4 e5 10. d5 Nb8 11. Ne1 a5 12. Nd3 Na6 13. f4 
Nd7 14. Qe2 Nb4 15. Nxb4 axb4 16. Nb3 exf4 17. gxf4 f5 18. Nd4 fxe4 
19. Ne6 Nc5 20. Nxf8 Kxf8 21. f5 Bd7 22. Qe3 Qf6 23. Rf2 b5 24. cxb5 
Bxb5 25. Rc2 Bd3 26. Rxc5 dxc5 27. Qxc5+ Qd6 28. Qxd6+ cxd6 29. Kf2 Rc8 
30. Ke3 Rc2 31. Bxe4 Bxe4 32. Kxe4 Rxb2 33. h3 Ke7 34. Rc1 Rxa2 35. 
Rc7+ Kf6 36. Rc6 Re2+ 37. Kf4 b3 38. Rxd6+ Ke7 39. Rb6 b2 40. Kf3 Rh2 
41. Ke4 Kd7 42. Ke5 Kc7 43. Rb3 Re2+ 44. Kd4 h5 45. Kc5 Rc2+ {2.02-2.04}
1/2-1/2

[Event "?"]
[Site "Keres Memorial Paernu Women"]
[Date "1996.??.??"]
[Round "5"]
[White "Dubinka, I."]
[Black "Eidelson, R."]
[Result "0-1"]
[WhiteElo "2235"]
[BlackElo "2370"]

1. d4 Nf6 2. c4 c5 3. d5 b5 4. cxb5 a6 5. bxa6 Bxa6 6. Nc3 d6 7. e4 
Bxf1 8. Kxf1 Nbd7 9. Nf3 g6 10. g3 Bg7 11. h3 O-O 12. Kg2 Qb6 13. Re1 
Rfb8 14. Re2 Qb7 15. Bg5 Nb6 16. Rc1 h6 17. Bxf6 Bxf6 18. Rcc2 Bg7 19. 
Qd3 c4 20. Qe3 Nd7 21. Nd4 Ne5 22. f4 Nd3 23. a3 Qb6 24. Nc6 Qxe3 25. 
Rxe3 Rxb2 26. Rxb2 Nxb2 27. e5 Bf8 28. Nb5 Ra6 29. Re2 Nd3 30. Kf3 Rb6 
31. a4 Nc5 32. exd6 exd6 33. Re8 Nxa4 34. Nxd6 c3 35. Ke3 Rb1 36. Nd4 
Kg7 37. Rd8 Be7 38. Rd7 Kf8 39. Ne4 Re1+ 40. Kf3 Rxe4 {2.03-1.40} 0-1

[Event "?"]
[Site "Keres Memorial Paernu Women"]
[Date "1996.??.??"]
[Round "5"]
[White "Paasikangas, J."]
[Black "Fomina, T."]
[Result "0-1"]
[WhiteElo "2200"]
[BlackElo "2305"]

1. d4 d5 2. c4 dxc4 3. Nc3 e5 4. e3 Nf6 5. Bxc4 exd4 6. exd4 Bd6 7. 
Nge2 O-O 8. Bg5 c6 9. Qd2 Nbd7 10. O-O Qc7 11. Ng3 b5 12. Bb3 b4 13. 
Nce2 Ba6 14. Rac1 Bxg3 15. Nxg3 Bxf1 16. Kxf1 Rfe8 17. Qxb4 h6 18. Bxf6 
Nxf6 19. d5 Qe5 20. dxc6 Rac8 21. h3 Rc7 22. Bd1 Nd5 23. Qd2 Ne7 24. 
Bf3 Nxc6 25. Qc2 Rec8 26. Re1 Nd4 27. Qd2 Qb5+ 28. Kg1 Nxf3+ 29. gxf3 
Rc2 30. Qf4 Qg5 31. Qa4 Rc1 32. Rxc1 Rxc1+ 33. Kg2 Rc7 34. h4 Qe5 35. 
b4 f5 36. Qb3+ Kh7 37. Qb1 g6 38. h5 Rf7 39. hxg6+ Kxg6 40. Qd3 h5 41. 
Qc4 Qf6 42. Ne2 Kh7 43. Qf4 Rg7+ 44. Kh3 Qg5 45. Qxg5 Rxg5 46. Nd4 f4 
47. Nc6 a6 48. a4 Rg6 49. b5 axb5 50. axb5 Rg7 51. Ne7 Rg5 52. b6 Rb5 
53. Kh4 Kh6 54. Nc8 Rb3 55. Ne7 Rxb6 56. Nd5 Rb5 57. Nxf4 Rb4 58. Kg3 
h4+ {2.12-2.50} 0-1

[Event "?"]
[Site "Keres Memorial Paernu Women"]
[Date "1996.??.??"]
[Round "6"]
[White "Kovalevskaja, J."]
[Black "Fomina, T."]
[Result "1/2-1/2"]
[WhiteElo "2335"]
[BlackElo "2305"]

1. e4 c5 2. Nf3 e6 3. b3 b6 4. Bb2 Bb7 5. d3 d6 6. g3 Nf6 7. Bg2 Nbd7 
8. O-O Qc7 9. Re1 Be7 10. c4 a6 11. Nc3 O-O 12. Qe2 Ne5 13. Rad1 {
1.04-0.34

} 1/2-1/2

[Event "?"]
[Site "Keres Memorial Paernu Women"]
[Date "1996.??.??"]
[Round "6"]
[White "Eidelson, R."]
[Black "Paasikangas, J."]
[Result "0-1"]
[WhiteElo "2370"]
[BlackElo "2200"]

1. e4 c5 2. Nf3 d6 3. d4 cxd4 4. Nxd4 Nf6 5. Nc3 g6 6. Be2 Bg7 7. O-O 
O-O 8. Bg5 Nc6 9. Nb3 b6 10. f4 Bb7 11. Bf3 Nd7 12. Kh1 Rc8 13. Rf2 
Bxc3 14. bxc3 Ncb8 15. e5 Bxf3 16. Qxf3 dxe5 17. Bh6 Re8 18. fxe5 Nxe5 
19. Qe4 Qc7 20. Bf4 Ng4 21. Re2 e5 22. Bg3 f5 23. Qd5+ Qf7 24. Qb5 f4 
25. Rf1 g5 26. h3 a6 27. Qd3 Rcd8 28. Qf3 Nf6 29. Be1 h5 30. Qf2 Rd6 
31. Nd2 Nbd7 32. Nf3 Qg6 33. Nd2 Rde6 34. g3 e4 35. Qd4 f3 36. Rh2 g4 
37. hxg4 hxg4 38. Qe3 Nh7 39. Nb3 Qg5 40. Bd2 Qxe3 41. Bxe3 Rc6 42. Rd1 
Nhf6 43. Nd4 Rxc3 44. Nf5 Re5 45. Nh6+ Kf8 46. Bd4 Rd5 47. Rdd2 Rc4 
48. Be3 Rb4 49. Kg1 Rb1+ 50. Kf2 Rxd2+ 51. Bxd2 Ne5 52. Nf5 Nc4 {
2.44-2.30} 53. Bg5 e3+ 0-1

[Event "?"]
[Site "Keres Memorial Paernu Women"]
[Date "1996.??.??"]
[Round "6"]
[White "Litinskaja, M."]
[Black "Dubinka, I."]
[Result "1/2-1/2"]
[WhiteElo "2355"]
[BlackElo "2235"]

1. c4 Nf6 2. d4 g6 3. Nf3 Bg7 4. g3 d5 5. cxd5 Nxd5 6. Bg2 O-O 7. O-O 
Nc6 8. Nc3 Nb6 9. d5 Na5 10. Qc2 c6 11. dxc6 Nxc6 12. Rd1 Qc7 13. Nb5 
Qb8 14. Bf4 e5 15. Be3 Bf5 16. Qc1 Rd8 17. Bc5 Rxd1+ 18. Qxd1 Qd8 19. 
Nd6 Qd7 20. e4 Bg4 21. h3 Be6 22. Qf1 Rd8 23. Ng5 Nd4 24. Nxe6 Nxe6 
25. Bxb6 axb6 26. Nc4 Qd4 27. b3 Bh6 28. Rb1 b5 29. Nb2 b4 30. Qb5 Qd2 
31. Rd1 Qxb2 32. Rxd8+ Nxd8 33. Qe8+ Kg7 34. Qxd8 Qxa2 35. Qd5 Qa1+ 
36. Bf1 Qd4 37. Qxb7 Bd2 38. Bc4 Qa1+ 39. Kg2 Qb1 40. Qxf7+ Kh6 41. 
Qf8+ Kh5 42. g4+ $2 (42. Be2+ Kg5 43. h4#) 42... Kh4 (42... Kg5 43. h4+ 
Kxh4 44. Qe7+ Bg5 45. Qxh7+ Bh6 46. Qxh6+ Kxg4 47. Be6#) 43. Qf6+ $2 (
43. Qe7+ Bg5 44. Qxh7+ Bh6 45. Qxh6#) 43... Bg5 44. Qf3 (44. Qxe5 Bd8 
45. Qf4 $18) 44... Bf4 45. Bd5 Qc2 46. g5 Qc8 47. Bb7 {2.05-2.30

}
1/2-1/2

[Event "?"]
[Site "Keres Memorial Paernu Women"]
[Date "1996.??.??"]
[Round "6"]
[White "Parnpuu, L."]
[Black "Tsoganova, M."]
[Result "1/2-1/2"]
[WhiteElo "2245"]
[BlackElo "2280"]

1. Nf3 Nf6 2. c4 c5 3. Nc3 e6 4. g3 b6 5. Bg2 Bb7 6. O-O Be7 7. Re1 O-O 
8. e4 d6 9. d4 cxd4 10. Nxd4 Qc8 11. Be3 Nbd7 12. Rc1 a6 13. f4 h6 14. 
b3 Re8 15. Bf3 Ra7 16. Qc2 {0.44-0.44} 1/2-1/2

[Event "?"]
[Site "Keres Memorial Paernu Women"]
[Date "1996.??.??"]
[Round "6"]
[White "Stjazkina, O."]
[Black "Laesson, T."]
[Result "1/2-1/2"]
[WhiteElo "2200"]
[BlackElo "2245"]

1. e4 c5 2. c4 Nc6 3. Nc3 e6 4. g3 Nf6 5. Bg2 d5 6. exd5 exd5 7. Nxd5 
Nxd5 8. cxd5 Nb4 9. d3 Bf5 10. Be4 Qd7 11. Ne2 Nxd5 12. Bxf5 Qxf5 13. 
Qa4+ Qd7 14. Qxd7+ Kxd7 15. b3 Rd8 16. a3 Be7 17. Bb2 Bf6 18. O-O-O 
Rhe8 19. Bxf6 Nxf6 20. Rd2 Ng4 21. f3 Ne5 22. Rf1 Nc6 {0.57-1.23}
1/2-1/2

[Event "?"]
[Site "Keres Memorial Paernu Women"]
[Date "1996.??.??"]
[Round "7"]
[White "Laesson, T."]
[Black "Kovalevskaja, J."]
[Result "1/2-1/2"]
[WhiteElo "2245"]
[BlackElo "2335"]

1. e4 c5 2. Ne2 Nc6 3. g3 d5 4. Bg2 dxe4 5. Bxe4 Nf6 6. Bg2 g6 7. Nbc3 
Bg7 8. d3 O-O 9. O-O Nd4 10. Ne4 Nxe4 11. Bxe4 Bg4 12. f3 Bc8 13. Nc3 
f5 14. Bd5+ e6 15. Bc4 Kh8 16. a4 b6 17. Ne2 Bb7 18. Nxd4 Qxd4+ 19. Rf2 
e5 20. c3 Qd7 21. Qe2 a6 22. Bb3 Rae8 23. Qf1 e4 24. dxe4 fxe4 25. fxe4 
Rxf2 26. Qxf2 Rxe4 27. Bf4 Qc6 28. Kf1 Re8 29. Rd1 Qh1+ 30. Qg1 Qe4 
31. Qf2 h6 32. Bc2 Qh1+ 33. Qg1 Qf3+ 34. Qf2 g5 35. Bd6 Qh1+ 36. Qg1 
Qf3+ 37. Qf2 Qh1+ 38. Qg1 Qf3+ {1.59-1.59} 1/2-1/2

[Event "?"]
[Site "Keres Memorial Paernu Women"]
[Date "1996.??.??"]
[Round "7"]
[White "Dubinka, I."]
[Black "Parnpuu"]
[Result "1/2-1/2"]
[WhiteElo "2235"]
[BlackElo "2245"]

1. d4 e6 2. c4 f5 3. Nf3 Nf6 4. g3 d5 5. Bg2 c6 6. O-O Bd6 7. b3 Qe7 
8. Ne5 b6 9. cxd5 exd5 10. Nd3 O-O 11. Bf4 Bb7 12. Bxd6 Qxd6 13. Nd2 
Nbd7 14. Rc1 a5 15. Nf3 Rac8 16. Nfe5 Ba6 17. Nxd7 Nxd7 18. Qd2 Nf6 
19. Rc2 Ne4 20. Qf4 Qf6 21. Ne5 Qe6 22. f3 Nf6 23. Rfc1 Bb7 24. Bh3 Nd7 
25. e4 Nxe5 26. Bxf5 Nxf3+ 27. Qxf3 Qf6 28. Qf2 Rcd8 29. Rf1 dxe4 30. 
Bxe4 Qxf2+ 31. Rfxf2 Rxf2 32. Kxf2 Rxd4 {1.55-1.36

} 1/2-1/2